| 000 | 00399nam a2200157Ia 4500 | ||
|---|---|---|---|
| 008 | 151213s9999 xx 000 0 und d | ||
| 100 | _aWillial C.Y Lee | ||
| 245 |
_aMobile Communication Engineering _cWillial C.Y Lee |
||
| 250 | _a2nd | ||
| 260 |
_aNew Delhi _bTata Mc Graw Hill _c1998 |
||
| 300 | _a8579 p. | ||
| 650 | _aE.E.E. | ||
| 650 | _ascience | ||
| 700 | _aWillial C.Y Lee | ||
| 999 |
_c4390 _d4390 |
||